Furniture--only in LEGO - Statistics

General Stats
  • This quiz has been taken 55 times
  • The average score is 10 of 12
Answer Stats
Picture Answer % Correct
Couch
100%
Armchair
98%
Bed
98%
Desk
95%
Grandfather Clock
95%
Piano
95%
TV Stand
95%
Dining Table
93%
Washing Machine
93%
Bookshelf
74%
Cupboard
45%
Bedside Table
43%
No matching quizzes found
Score Distribution
Percent of People with Each Score
Percentile by Number Answered
Your Score History
You have not taken this quiz